小田急江ノ島線 駅埋め - Statistics

General Stats
  • This quiz has been taken 10 times
  • The average score is 12 of 17
Answer Stats
Hint Answer % Correct
相模原市 相模大野
100%
大和市 中央林間
100%
大和市 大和
100%
藤沢市 藤沢
100%
藤沢市 片瀬江ノ島
100%
相模原市 東林間
67%
大和市 南林間
67%
大和市 高座渋谷
67%
藤沢市 長後
67%
藤沢市 湘南台
67%
藤沢市 六会日大前
67%
藤沢市 善行
67%
藤沢市 藤沢本町
67%
藤沢市 本鵠沼
67%
藤沢市 鵠沼海岸
67%
大和市 鶴間
33%
大和市 桜ヶ丘
33%
No matching quizzes found
Score Distribution
Percent of People with Each Score
Percentile by Number Answered
Your Score History
You have not taken this quiz